Male Reproductive System - Oragans - Statistics

General Stats
  • This quiz has been taken 90 times
  • The average score is 2 of 6
Answer Stats
Answer % Correct
Penis
96%
Testes
57%
Vas deferens
21%
Epididymis
7%
Seminal vesicles
5%
Prostate gland
4%
No matching quizzes found
Score Distribution
Percent of People with Each Score
Percentile by Number Answered
Your Score History
You have not taken this quiz